000 01156nam a2200229Ia 4500
001 L250-16695
003 IT-CnALBA
008 170116s9999||||xx |||||||||||||| ||und||
040 _aIT-CnALBA
_cIT-CnALBA
041 _aITALIANO
100 _aAGOSTINO GIUSEPPE, VESCOVO
245 0 _aPIETÀ POPOLARE COME VALORE PASTORALE.
250 _a1a ed.
260 _aCINISELLO BALSAMO (MI)
_bEDIZIONI PAOLINE
_c1987 [1° Ed.:1987 - Ed.Ling.Originale: 1987]
300 _a176 p.
500 _aAPPROCCIO DEL VESCOVO CON LA PIETÀ POPOLARE. PROPOSTA PASTORALE. SEGRETO DELLA RELIGIOSITÀ POPOLARE TRA FESTA E TRAGEDIA. LETTURA BIBLICA. LETTURA TEOLOGICA. MAGISTERO VALUTAZIONE PASTORLAE. ESPRESSIONI DI PIETÀ POPOLARE.
501 _aSocietà San Paolo EM - Piazza San Paolo, 14 - 12051 ALBA (CN) (non commercial uses only) ® Copyright 2017
520 _aAPPROCCIO DEL VESCOVO CON LA PIETÀ POPOLARE. PROPOSTA PASTORALE. SEGRETO DELLA RELIGIOSITÀ POPOLARE TRA FESTA E TRAGEDIA. LETTURA BIBLICA. LETTURA TEOLOGICA. MAGISTERO VALUTAZIONE PASTORLAE. ESPRESSIONI DI PIETÀ POPOLARE.
650 _aTEOLOGIA PASTORALE
942 _cBK
957 _71
999 _a21441
_bNO
_g Copie: 1
_c275853
_d275853